[Event "Campeonato de Madrid 2008/2009"]
[Site "Madrid ESP"]
[Date "2009.02.24"]
[Round "1.1"]
[White "Vazquez Torres, Adrian"]
[Black "Ramirez Garcia, Jorge Alberto"]
[Result "0-1"]
[WhiteElo "2065"]
[BlackElo "2233"]
[PlyCount "74"]
[EventDate "2009.02.24"]
[EventType "tourn"]
[EventRounds "11"]
[EventCountry "ESP"]
[EventCategory "3"]
[Source "lmi"]
[SourceDate "2009.02.24"]

1. e4 e6 2. d4 d5 3. e5 c5 4. c3 Qb6 5. Nf3 Nc6 6. Be2 cxd4 7. cxd4 Nh6 8. Na3
Bxa3 9. bxa3 Nf5 10. O-O Nfxd4 11. Be3 Nxf3+ 12. gxf3 Qc7 13. f4 O-O 14. Bc5
Re8 15. Bd6 Qd8 16. Bd3 Qh4 17. Qd2 Qg4+ 18. Kh1 Qf3+ 19. Kg1 Qg4+ 20. Kh1 Qf3+
21. Kg1 b6 22. Bxh7+ Kxh7 23. Qc2+ g6 24. Qxc6 Qg4+ 25. Kh1 Qf3+ 26. Kg1 Ba6
27. Rfe1 Qg4+ 28. Kh1 Qf3+ 29. Kg1 Qg4+ 30. Kh1 Be2 31. Rxe2 Qxe2 32. Qc3 Qxf2
33. Qh3+ Kg7 34. Rf1 Qc2 35. Qh4 Rh8 36. Qg3 Rxh2+ 37. Kg1 Rah8 0-1

[Event "Campeonato de Madrid 2008/2009"]
[Site "Madrid ESP"]
[Date "2009.02.24"]
[Round "1.2"]
[White "Almagro Llanas, Pablo"]
[Black "Peñalosa Pinilla, Jesus"]
[Result "1-0"]
[WhiteElo "2488"]
[BlackElo "2228"]
[PlyCount "137"]
[EventDate "2009.02.24"]
[EventType "tourn"]
[EventRounds "11"]
[EventCountry "ESP"]
[EventCategory "3"]
[Source "lmi"]
[SourceDate "2009.02.24"]

1. e4 c5 2. Nf3 Nc6 3. Bb5 g6 4. O-O Bg7 5. Bxc6 dxc6 6. d3 Nf6 7. h3 Nd7 8. a3
a5 9. Nc3 e5 10. Be3 b6 11. Qd2 Qe7 12. Bh6 f6 13. Bxg7 Qxg7 14. Qe3 O-O 15.
Nd2 Ba6 16. f4 exf4 17. Rxf4 Ne5 18. Na4 Qc7 19. Raf1 Bb5 20. Nc3 Qd6 21. Nf3
Rad8 22. Kh1 Nxf3 23. R4xf3 Kg7 24. a4 Ba6 25. Nd1 Qe5 26. b3 Bc8 27. Qf2 Be6
28. Ne3 Rde8 29. Qh4 Rd8 30. Kg1 Rde8 31. Rg3 Rd8 32. Kh1 Rde8 33. Rgf3 Rd8 34.
Qf4 Qxf4 35. Rxf4 Rde8 36. Kg1 Rf7 37. Re1 Rfe7 38. Ref1 Rf7 39. R1f2 Rd8 40.
Kf1 Re8 41. R4f3 Rd8 42. Ke2 Re8 43. Kd2 Rd8 44. Rf1 Re8 45. Re1 Rd8 46. Re2
Rfd7 47. Rf1 Re8 48. Kc3 Red8 49. Ref2 Rf7 50. Kd2 Re8 51. Nc4 Bxc4 52. bxc4
Ree7 53. Rb1 Rb7 54. Ke3 Rb8 55. c3 Rd7 56. Rfb2 Rdb7 57. d4 cxd4+ 58. cxd4 Kf7
59. Kd3 Ke7 60. g4 Ke6 61. Ke3 Ke7 62. g5 fxg5 63. e5 h6 64. Rf1 b5 65. axb5
cxb5 66. c5 Rf8 67. Rxf8 Kxf8 68. c6 Rb8 69. Rxb5 1-0

[Event "Campeonato de Madrid 2008/2009"]
[Site "Madrid ESP"]
[Date "2009.02.24"]
[Round "1.3"]
[White "Taboas Rodriguez, Daniel"]
[Black "Candela Perez, Jose"]
[Result "1/2-1/2"]
[WhiteElo "2370"]
[BlackElo "2411"]
[PlyCount "31"]
[EventDate "2009.02.24"]
[EventType "tourn"]
[EventRounds "11"]
[EventCountry "ESP"]
[EventCategory "3"]
[Source "lmi"]
[SourceDate "2009.02.24"]

1. d4 d5 2. Nf3 c6 3. c4 Nf6 4. cxd5 cxd5 5. Nc3 Nc6 6. Bf4 Bf5 7. e3 e6 8. Bb5
Nd7 9. Qa4 Rc8 10. O-O a6 11. Bxc6 Rxc6 12. Rfc1 Be7 13. Ne2 Qb6 14. Rxc6 bxc6
15. Rc1 Qxb2 16. Qxa6 1/2-1/2

[Event "Campeonato de Madrid 2008/2009"]
[Site "Madrid ESP"]
[Date "2009.02.24"]
[Round "1.4"]
[White "Longa Yauca, Javier"]
[Black "Elissalt Cardenas, Hector"]
[Result "1-0"]
[WhiteElo "2312"]
[BlackElo "2286"]
[PlyCount "95"]
[EventDate "2009.02.24"]
[EventType "tourn"]
[EventRounds "11"]
[EventCountry "ESP"]
[EventCategory "3"]
[Source "lmi"]
[SourceDate "2009.02.24"]

1. c4 e6 2. Nf3 f5 3. b3 Nf6 4. Bb2 b6 5. g3 Bb7 6. Bg2 g6 7. O-O Bg7 8. d3 O-O
9. Nbd2 a5 10. Ne1 Bxg2 11. Nxg2 Nc6 12. e4 fxe4 13. dxe4 d6 14. Qe2 Qe7 15. f4
Nd7 16. Nf3 Bxb2 17. Qxb2 Nc5 18. Qe2 e5 19. f5 gxf5 20. exf5 Rxf5 21. Ne3 Rff8
22. Nd5 Qg7 23. Qe3 h6 24. Nh4 Kh7 25. Nf5 Qg6 26. Nxc7 Rac8 27. Nh4 Qg5 28.
Nd5 Nd4 29. Ng2 b5 30. cxb5 Nxb5 31. Qxg5 hxg5 32. Nge3 Ne4 33. Nc4 Rxf1+ 34.
Rxf1 Rc5 35. Nce3 Nbc3 36. Ne7 Ne2+ 37. Kg2 Kg7 38. Kf3 N2c3 39. Kg4 d5 40. Kf5
d4 41. Nc4 d3 42. Ke6 Rxc4 43. bxc4 d2 44. Nf5+ Kg6 45. Ne3 Nxa2 46. Kxe5 Nec3
47. Kd4 a4 48. Nd1 1-0

[Event "Campeonato de Madrid 2008/2009"]
[Site "Madrid ESP"]
[Date "2009.02.24"]
[Round "1.5"]
[White "Hernandez Gallardo, Francisco Javier"]
[Black "Bolado Saez, Sergio"]
[Result "1/2-1/2"]
[WhiteElo "2281"]
[BlackElo "2328"]
[PlyCount "99"]
[EventDate "2009.02.24"]
[EventType "tourn"]
[EventRounds "11"]
[EventCountry "ESP"]
[EventCategory "3"]
[Source "lmi"]
[SourceDate "2009.02.24"]

1. e4 c5 2. Nc3 d6 3. f4 Nc6 4. Nf3 g6 5. Bb5 Bd7 6. O-O Bg7 7. d3 e6 8. Bxc6
Bxc6 9. f5 Nf6 10. fxe6 fxe6 11. e5 dxe5 12. Be3 Qd6 13. Nd2 b6 14. Bg5 O-O 15.
Bxf6 Bxf6 16. Nde4 Qd4+ 17. Kh1 Bg7 18. Qe2 Rf5 19. Ng3 Rff8 20. Nge4 Rae8 21.
Rxf8+ Rxf8 22. Rf1 Rf4 23. Ng5 Rxf1+ 24. Qxf1 Qd7 25. Nce4 h6 26. Nf3 c4 27.
Nfd2 cxd3 28. cxd3 Kh8 29. Qe2 Bb5 30. Nc4 Qd4 31. h3 Bc6 32. Qc2 Bxe4 33. dxe4
Bf8 34. Nd2 Qc5 35. Qxc5 Bxc5 36. Nf3 Bd4 37. b3 Kg7 38. g4 Kf6 39. Kg2 Ke7 40.
Kf1 Kd6 41. Ke2 Kc5 42. Kd3 a5 43. a4 g5 44. Nd2 Bf2 45. Nc4 Bg3 46. Kc3 Bf4
47. Nb2 Bg3 48. Nd3+ Kc6 49. Kc4 Bh2 50. Kc3 1/2-1/2

[Event "Campeonato de Madrid 2008/2009"]
[Site "Madrid ESP"]
[Date "2009.02.24"]
[Round "1.6"]
[White "Roa Alonso, Santiago"]
[Black "Fraga Castro, Jose Carlos"]
[Result "1-0"]
[WhiteElo "2458"]
[BlackElo "2187"]
[PlyCount "43"]
[EventDate "2009.02.24"]
[EventType "tourn"]
[EventRounds "11"]
[EventCountry "ESP"]
[EventCategory "3"]
[Source "lmi"]
[SourceDate "2009.02.24"]

1. e4 b6 2. d4 Bb7 3. Nc3 e6 4. Bd3 d6 5. Nf3 Nd7 6. O-O g6 7. Bg5 Ne7 8. Qd2
h6 9. Be3 Bg7 10. Rad1 a6 11. a4 g5 12. h3 O-O 13. Qe2 Ng6 14. Rfe1 c6 15. Nb1
Qe7 16. Nbd2 f5 17. exf5 exf5 18. Nf1 Qf6 19. Ng3 f4 20. Ne4 Qe7 21. Bd2 Nh8
22. Nexg5 1-0

[Event "Campeonato de Madrid 2008/2009"]
[Site "Madrid ESP"]
[Date "2009.02.25"]
[Round "2.1"]
[White "Ramirez Garcia, Jorge Alberto"]
[Black "Fraga Castro, Jose Carlos"]
[Result "1/2-1/2"]
[WhiteElo "2233"]
[BlackElo "2187"]
[PlyCount "95"]
[EventDate "2009.02.24"]
[EventType "tourn"]
[EventRounds "11"]
[EventCountry "ESP"]
[EventCategory "3"]
[Source "lmi"]
[SourceDate "2009.02.24"]

1. Nf3 c5 2. c3 d5 3. d4 cxd4 4. cxd4 Nc6 5. Nc3 e6 6. Bf4 Bd6 7. g3 Nf6 8.
Bxd6 Qxd6 9. Bg2 O-O 10. O-O Bd7 11. Rc1 b6 12. e3 Rac8 13. Nd2 Na5 14. Qe2 Qb4
15. Rb1 Rc7 16. g4 Rfc8 17. g5 Ne8 18. f4 Nc4 19. f5 Nxd2 20. Qxd2 Bb5 21. a3
Qb3 22. Nxb5 Rc2 23. Qe1 Qxb5 24. fxe6 fxe6 25. Qg3 Qd7 26. Qf4 Nd6 27. Bh3 Nf5
28. Bxf5 exf5 29. Qxf5 Qxf5 30. Rxf5 Re2 31. Rbf1 Rxb2 32. Rxd5 g6 33. Rf2 Rb3
34. e4 Rxa3 35. e5 Re3 36. Rd7 a5 37. Rff7 Re2 38. Rg7+ Kf8 39. Rdf7+ Ke8 40.
Re7+ Kf8 41. Rgf7+ Kg8 42. e6 Rxe6 43. Rg7+ Kf8 44. Rgf7+ Kg8 45. Rg7+ Kf8 46.
Rgf7+ Kg8 47. Rg7+ Kf8 48. Rgf7+ 1/2-1/2

[Event "Campeonato de Madrid 2008/2009"]
[Site "Madrid ESP"]
[Date "2009.02.25"]
[Round "2.2"]
[White "Bolado Saez, Sergio"]
[Black "Roa Alonso, Santiago"]
[Result "0-1"]
[WhiteElo "2328"]
[BlackElo "2458"]
[PlyCount "70"]
[EventDate "2009.02.24"]
[EventType "tourn"]
[EventRounds "11"]
[EventCountry "ESP"]
[EventCategory "3"]
[Source "lmi"]
[SourceDate "2009.02.24"]

1. d4 d5 2. Nf3 Nf6 3. c4 e6 4. Nc3 Be7 5. Bg5 O-O 6. e3 h6 7. Bh4 b6 8. Qc2
Bb7 9. Bxf6 Bxf6 10. cxd5 exd5 11. O-O-O Nc6 12. h4 g6 13. g4 Bg7 14. a3 Qd6
15. Bd3 Na5 16. h5 g5 17. Qe2 c5 18. Kb1 a6 19. Bc2 c4 20. e4 b5 21. exd5 Rfe8
22. Ne5 Nb3 23. f4 Nxd4 24. Rxd4 gxf4 25. Nxf7 Kxf7 26. Bg6+ Kg8 27. Bxe8 Bxd4
28. Bc6 Bxc6 29. dxc6 Bxc3 30. bxc3 Qxc6 31. Re1 Rf8 32. g5 hxg5 33. Qe5 Qf6
34. Qd5+ Kh8 35. Re5 f3 0-1

[Event "Campeonato de Madrid 2008/2009"]
[Site "Madrid ESP"]
[Date "2009.02.25"]
[Round "2.3"]
[White "Elissalt Cardenas, Hector"]
[Black "Hernandez Gallardo, Francisco Javier"]
[Result "0-1"]
[WhiteElo "2286"]
[BlackElo "2281"]
[PlyCount "100"]
[EventDate "2009.02.24"]
[EventType "tourn"]
[EventRounds "11"]
[EventCountry "ESP"]
[EventCategory "3"]
[Source "lmi"]
[SourceDate "2009.02.24"]

1. c4 c5 2. b3 Nc6 3. Bb2 e6 4. Nf3 Nf6 5. g3 Be7 6. Bg2 O-O 7. O-O d5 8. e3 b6
9. Qe2 Bb7 10. Nc3 d4 11. exd4 Nxd4 12. Nxd4 Bxg2 13. Kxg2 Qxd4 14. d3 Qd7 15.
Rad1 Qc6+ 16. f3 Rfd8 17. d4 cxd4 18. Nb5 d3 19. Rxd3 Rxd3 20. Qxd3 Rd8 21. Qe2
Qd7 22. Nc3 Qd3 23. Qxd3 Rxd3 24. Rd1 Rxd1 25. Nxd1 Nd7 26. Nf2 e5 27. Nd3 Bd6
28. b4 f5 29. a3 Kf7 30. Kf2 Ke6 31. Ke3 g6 32. Bc3 Be7 33. Nf2 Bd6 34. Kd3 Be7
35. Bd2 Bf6 36. Kc2 Kd6 37. Be3 a6 38. Kb3 Kc6 39. Nd3 Be7 40. a4 Kc7 41. g4
Kb7 42. gxf5 gxf5 43. b5 a5 44. c5 Bxc5 45. Bxc5 Nxc5+ 46. Nxc5+ bxc5 47. Kc4
Kb6 48. Kd5 e4 49. fxe4 f4 50. e5 f3 0-1

[Event "Campeonato de Madrid 2008/2009"]
[Site "Madrid ESP"]
[Date "2009.02.25"]
[Round "2.4"]
[White "Candela Perez, Jose"]
[Black "Longa Yauca, Javier"]
[Result "1-0"]
[WhiteElo "2411"]
[BlackElo "2312"]
[PlyCount "55"]
[EventDate "2009.02.24"]
[EventType "tourn"]
[EventRounds "11"]
[EventCountry "ESP"]
[EventCategory "3"]
[Source "lmi"]
[SourceDate "2009.02.24"]

1. e4 Nf6 2. e5 Nd5 3. d4 d6 4. c4 Nb6 5. exd6 cxd6 6. Nc3 g6 7. Be3 Bg7 8. Rc1
O-O 9. h3 d5 10. b3 dxc4 11. bxc4 Nc6 12. Nf3 e5 13. d5 Nd4 14. Nxd4 exd4 15.
Bxd4 Re8+ 16. Be2 Qg5 17. O-O Bxh3 18. Bf3 Bxd4 19. Qxd4 Nd7 20. d6 Rad8 21.
Bxb7 Re6 22. Rce1 Rde8 23. Rxe6 Rxe6 24. f4 Qg3 25. Bf3 g5 26. Ne4 Qxf4 27.
gxh3 Ne5 28. Bg4 1-0

[Event "Campeonato de Madrid 2008/2009"]
[Site "Madrid ESP"]
[Date "2009.02.25"]
[Round "2.5"]
[White "Peñalosa Pinilla, Jesus"]
[Black "Taboas Rodriguez, Daniel"]
[Result "1/2-1/2"]
[WhiteElo "2228"]
[BlackElo "2370"]
[PlyCount "107"]
[EventDate "2009.02.24"]
[EventType "tourn"]
[EventRounds "11"]
[EventCountry "ESP"]
[EventCategory "3"]
[Source "lmi"]
[SourceDate "2009.02.24"]

1. e4 e5 2. Nf3 Nc6 3. Bb5 a6 4. Bxc6 dxc6 5. O-O f6 6. d4 exd4 7. Nxd4 c5 8.
Ne2 Qxd1 9. Rxd1 Bd7 10. Nbc3 O-O-O 11. Bf4 Ne7 12. Bg3 h5 13. h4 g5 14. Nd5
Nxd5 15. Rxd5 Be7 16. Rad1 Be6 17. Rxd8+ Rxd8 18. Rxd8+ Kxd8 19. Nc3 Kd7 20.
Kf1 b5 21. Ke2 Bc4+ 22. Kd2 c6 23. Ke1 Bd8 24. b3 Be6 25. Nd1 c4 26. Ne3 cxb3
27. cxb3 a5 28. Kd2 c5 29. Kc3 a4 30. f3 Kc6 31. hxg5 fxg5 32. Be5 Ba5+ 33. Kc2
Bb4 34. Bf6 g4 35. f4 c4 36. bxc4 bxc4 37. f5 Bg8 38. e5 Bc5 39. Bg5 Bd4 40. e6
Bh7 41. Kd2 Bxe3+ 42. Kxe3 Bxf5 43. e7 Kd7 44. Kd4 Be6 45. a3 g3 46. Bh4 Ke8
47. Bxg3 Kxe7 48. Bh4+ Kf7 49. g3 Kg6 50. Bd8 Kf5 51. Kc3 Ke4 52. Bc7 Ke3 53.
Bd6 Ke2 54. Bc7 1/2-1/2

[Event "Campeonato de Madrid 2008/2009"]
[Site "Madrid ESP"]
[Date "2009.02.25"]
[Round "2.6"]
[White "Vazquez Torres, Adrian"]
[Black "Almagro Llanas, Pablo"]
[Result "0-1"]
[WhiteElo "2065"]
[BlackElo "2488"]
[PlyCount "66"]
[EventDate "2009.02.24"]
[EventType "tourn"]
[EventRounds "11"]
[EventCountry "ESP"]
[EventCategory "3"]
[Source "lmi"]
[SourceDate "2009.02.24"]

1. e4 c6 2. d4 d5 3. Nc3 dxe4 4. Nxe4 Bf5 5. Ng3 Bg6 6. h4 h6 7. Nf3 Nf6 8. h5
Bh7 9. Bd3 Bxd3 10. Qxd3 e6 11. Bf4 Qa5+ 12. Bd2 Bb4 13. c3 Be7 14. Bf4 Nbd7
15. Ne5 Nd5 16. Qd2 Nxe5 17. Bxe5 O-O-O 18. O-O Bg5 19. f4 Be7 20. f5 Bg5 21.
Qe2 f6 22. c4 Ne3 23. Bf4 Nxf1 24. Qxe6+ Rd7 25. Rxf1 Qd8 26. Bxg5 hxg5 27. Re1
Kb8 28. d5 cxd5 29. cxd5 Rxd5 30. Qe7 Qb6+ 31. Kh2 Rd4 32. Ne4 Rxh5+ 33. Kg3
Rd3+ 0-1

[Event "Campeonato de Madrid 2008/2009"]
[Site "Madrid ESP"]
[Date "2009.02.26"]
[Round "3.1"]
[White "Almagro Llanas, Pablo"]
[Black "Ramirez Garcia, Jorge Alberto"]
[Result "1-0"]
[WhiteElo "2488"]
[BlackElo "2233"]
[PlyCount "55"]
[EventDate "2009.02.24"]
[EventType "tourn"]
[EventRounds "11"]
[EventCountry "ESP"]
[EventCategory "3"]
[Source "lmi"]
[SourceDate "2009.02.24"]

1. e4 e6 2. d4 d5 3. Nc3 Nf6 4. Bg5 Be7 5. e5 Nfd7 6. h4 Bxg5 7. hxg5 Qxg5 8.
Qd3 h5 9. Nh3 Qh6 10. f4 a6 11. Be2 c5 12. dxc5 Nxc5 13. Qe3 Ncd7 14. Ng5 g6
15. g4 Nc6 16. O-O-O d4 17. Rxd4 Nxd4 18. Qxd4 O-O 19. gxh5 f6 20. Nxe6 fxe5
21. Qd1 Rxf4 22. Nxf4 Qxf4+ 23. Kb1 Nf8 24. Nd5 Qd4 25. Qf1 Be6 26. Ne7+ Kg7
27. h6+ Kh7 28. Qf6 1-0

[Event "Campeonato de Madrid 2008/2009"]
[Site "Madrid ESP"]
[Date "2009.02.26"]
[Round "3.2"]
[White "Taboas Rodriguez, Daniel"]
[Black "Vazquez Torres, Adrian"]
[Result "0-1"]
[WhiteElo "2370"]
[BlackElo "2065"]
[PlyCount "110"]
[EventDate "2009.02.24"]
[EventType "tourn"]
[EventRounds "11"]
[EventCountry "ESP"]
[EventCategory "3"]
[Source "lmi"]
[SourceDate "2009.02.24"]

1. d4 d5 2. Nf3 c6 3. c4 Nf6 4. cxd5 cxd5 5. Nc3 Nc6 6. Bf4 Bf5 7. e3 e6 8. Bb5
Nd7 9. Qa4 Rc8 10. O-O a6 11. Bxc6 Rxc6 12. Rfc1 Be7 13. Ne2 Qb6 14. Rxc6 bxc6
15. Rc1 Qxb2 16. Qxc6 Qxe2 17. Ne5 O-O 18. Nxd7 Rd8 19. Bc7 Rc8 20. Nb6 Rf8 21.
Nd7 Rc8 22. Qb7 Re8 23. Nc5 Qd2 24. Ra1 Qc3 25. Rd1 Qc2 26. Rf1 Bxc5 27. Qc6
Bf8 28. Qxe8 Qxc7 29. Qa4 Qc4 30. Qb3 g6 31. Qb2 Qc2 32. Qb3 a5 33. Ra1 a4 34.
Qxc2 Bxc2 35. a3 Bb3 36. Kf1 Bd6 37. Ke2 e5 38. Kd3 f5 39. g3 g5 40. Kc3 Kf7
41. Kb2 Kf6 42. Rc1 Bc4 43. h3 f4 44. g4 e4 45. Rg1 Kg6 46. Rh1 h5 47. Rg1 h4
48. Kc3 Kf6 49. Ra1 Ke6 50. Kd2 Bc7 51. Rh1 Ba5+ 52. Kc2 Bd3+ 53. Kc1 Bc3 54.
Rg1 f3 55. Rh1 Kd6 0-1

[Event "Campeonato de Madrid 2008/2009"]
[Site "Madrid ESP"]
[Date "2009.02.26"]
[Round "3.3"]
[White "Longa Yauca, Javier"]
[Black "Peñalosa Pinilla, Jesus"]
[Result "1/2-1/2"]
[WhiteElo "2312"]
[BlackElo "2228"]
[PlyCount "159"]
[EventDate "2009.02.24"]
[EventType "tourn"]
[EventRounds "11"]
[EventCountry "ESP"]
[EventCategory "3"]
[Source "lmi"]
[SourceDate "2009.02.24"]

1. d4 Nf6 2. c4 c5 3. d5 e5 4. Nc3 d6 5. e4 g6 6. Bd3 Bg7 7. Nge2 O-O 8. f3 a6
9. Be3 Nbd7 10. Qd2 h5 11. Bg5 Qe8 12. h3 Nh7 13. Be3 Qe7 14. O-O-O Bf6 15. g3
h4 16. Rdg1 b5 17. f4 exf4 18. gxf4 Kh8 19. cxb5 axb5 20. Bxb5 Ba6 21. e5 dxe5
22. d6 Qe6 23. Bxd7 Qxd7 24. fxe5 Bxe5 25. Bxc5 Bb7 26. Bd4 Qxd6 27. Rh2 Rfd8
28. Rg4 g5 29. Rf2 f6 30. Qe3 Re8 31. Bxe5 Rxe5 32. Qd4 Qxd4 33. Rxd4 Rae8 34.
Kd2 Bc8 35. Rh2 f5 36. Rf2 Nf6 37. a4 Kg7 38. b4 g4 39. Nf4 Ne4+ 40. Nxe4 Rxe4
41. Rxe4 Rxe4 42. Nd3 Kg6 43. Rf1 Kg5 44. Rc1 Bd7 45. a5 Bb5 46. hxg4 Rxg4 47.
Ne5 Rxb4 48. Rg1+ Kh5 49. Nf3 Rg4 50. Rb1 Bc6 51. Ne5 Rg2+ 52. Ke3 Be4 53. Rb8
Ra2 54. Kf4 Rf2+ 55. Ke3 Rf1 56. a6 Kg5 57. Rg8+ Kf6 58. Nd7+ Ke7 59. Nc5 Bc6
60. a7 h3 61. Rh8 Bg2 62. Nd3 Ra1 63. Nf4 Kd6 64. Nxh3 Rxa7 65. Nf4 Ra3+ 66.
Kf2 Be4 67. Ke2 Ke5 68. Ng6+ Kf6 69. Nf4 Rf3 70. Ng2 Ra3 71. Nf4 Rf3 72. Ng2
Rg3 73. Ne3 Ke5 74. Rh4 Rg1 75. Nc4+ Kd4 76. Nd6 Kd5 77. Nxe4 fxe4 78. Rh8 Rg2+
79. Ke3 Rg3+ 80. Ke2 1/2-1/2

[Event "Campeonato de Madrid 2008/2009"]
[Site "Madrid ESP"]
[Date "2009.02.26"]
[Round "3.4"]
[White "Hernandez Gallardo, Francisco Javier"]
[Black "Candela Perez, Jose"]
[Result "1-0"]
[WhiteElo "2281"]
[BlackElo "2411"]
[PlyCount "97"]
[EventDate "2009.02.24"]
[EventType "tourn"]
[EventRounds "11"]
[EventCountry "ESP"]
[EventCategory "3"]
[Source "lmi"]
[SourceDate "2009.02.24"]

1. e4 e6 2. d4 d5 3. exd5 exd5 4. c4 Nf6 5. Nc3 Be7 6. Nf3 O-O 7. cxd5 Nxd5 8.
Bc4 Nb6 9. Bb3 Nc6 10. h3 Bf6 11. Be3 Na5 12. Bc2 Nac4 13. O-O Re8 14. Re1 g6
15. Ne4 Nxb2 16. Nxf6+ Qxf6 17. Bg5 Qc6 18. Rxe8+ Qxe8 19. Qc1 N2c4 20. Bb3 Be6
21. Qf4 Nd5 22. Qh4 b5 23. Re1 Qf8 24. Ne5 Qb4 25. Re4 Nxe5 26. dxe5 Qc5 27.
Rd4 Nc3 28. Qxh7+ Kxh7 29. Rh4+ Kg8 30. Bf6 Ne2+ 31. Kh2 Qxe5+ 32. Bxe5 f6 33.
Bxe6+ Kg7 34. Bxc7 a5 35. Bd5 Ra7 36. Bb6 Ra6 37. Bc5 Nc3 38. Bb7 Re6 39. a3
Re2 40. Rd4 Rc2 41. Rd7+ Kh6 42. Bd4 b4 43. axb4 axb4 44. Bxf6 Rxf2 45. Bd4 Rc2
46. Rc7 Kg5 47. Be4 Re2 48. Bf3 Rc2 49. Bd1 1-0

[Event "Campeonato de Madrid 2008/2009"]
[Site "Madrid ESP"]
[Date "2009.02.26"]
[Round "3.5"]
[White "Roa Alonso, Santiago"]
[Black "Elissalt Cardenas, Hector"]
[Result "1-0"]
[WhiteElo "2458"]
[BlackElo "2286"]
[PlyCount "79"]
[EventDate "2009.02.24"]
[EventType "tourn"]
[EventRounds "11"]
[EventCountry "ESP"]
[EventCategory "3"]
[Source "lmi"]
[SourceDate "2009.02.24"]

1. e4 c5 2. Nf3 e6 3. d4 cxd4 4. Nxd4 a6 5. c4 Nf6 6. Bd3 Qc7 7. O-O Bd6 8. h3
Nc6 9. Nb3 Bf4 10. Nc3 b6 11. Ne2 Bxc1 12. Rxc1 d6 13. Bb1 Bb7 14. Qd2 O-O 15.
f4 Rad8 16. Qe3 Rfe8 17. Nc3 Ba8 18. Rce1 Qb7 19. Qf2 Qb8 20. Qh4 b5 21. c5 b4
22. cxd6 bxc3 23. e5 h6 24. exf6 Qxd6 25. fxg7 Kxg7 26. Rf3 Ne7 27. Rg3+ Ng6
28. Qh5 e5 29. fxe5 Qb6+ 30. Kh2 cxb2 31. Qe2 Qb4 32. Rf1 Qb5 33. Rxf7+ Kxf7
34. Qf2+ Ke7 35. Qf6+ Kd7 36. Qd6+ Kc8 37. Rc3+ Bc6 38. Rxc6+ Kb7 39. Qc7+ Ka8
40. Rxa6+ 1-0

[Event "Campeonato de Madrid 2008/2009"]
[Site "Madrid ESP"]
[Date "2009.02.26"]
[Round "3.6"]
[White "Fraga Castro, Jose Carlos"]
[Black "Bolado Saez, Sergio"]
[Result "0-1"]
[WhiteElo "2187"]
[BlackElo "2328"]
[PlyCount "32"]
[EventDate "2009.02.24"]
[EventType "tourn"]
[EventRounds "11"]
[EventCountry "ESP"]
[EventCategory "3"]
[Source "lmi"]
[SourceDate "2009.02.24"]

1. d4 d5 2. Nc3 Nf6 3. Bg5 Nbd7 4. Nf3 c5 5. dxc5 Qa5 6. Bxf6 Nxf6 7. Qd4 e6 8.
b4 Qc7 9. Nb5 Qd7 10. e3 Be7 11. Ne5 Qd8 12. c6 O-O 13. c7 Qe8 14. Nxa7 Rxa7
15. Qxa7 Bxb4+ 16. Ke2 Bc3 0-1

[Event "Campeonato de Madrid 2008/2009"]
[Site "Madrid ESP"]
[Date "2009.02.27"]
[Round "4.1"]
[White "Ramirez Garcia, Jorge Alberto"]
[Black "Bolado Saez, Sergio"]
[Result "1-0"]
[WhiteElo "2233"]
[BlackElo "2328"]
[PlyCount "69"]
[EventDate "2009.02.24"]
[EventType "tourn"]
[EventRounds "11"]
[EventCountry "ESP"]
[EventCategory "3"]
[Source "lmi"]
[SourceDate "2009.02.24"]

1. e4 c5 2. Nf3 d6 3. d4 cxd4 4. Nxd4 Nf6 5. Nc3 a6 6. Be2 e5 7. Nb3 Be7 8. Bg5
Nbd7 9. a4 O-O 10. a5 b5 11. axb6 Nxb6 12. O-O Qc7 13. Qd3 Rd8 14. Rfd1 Be6 15.
Nd2 d5 16. Bxf6 Bxf6 17. Rxa6 Rab8 18. Nb5 Qc8 19. Na7 Qb7 20. Qc3 Bd7 21. Rda1
dxe4 22. Nb3 Nd5 23. Qc4 Nf4 24. Bf1 Be6 25. Qc3 Bxb3 26. cxb3 Rd7 27. Nc6 Rf8
28. Ra7 Qc8 29. Rxd7 Qxd7 30. Ra7 Qd1 31. Qc4 Qb1 32. g3 Nh3+ 33. Kg2 Ng5 34.
h4 Nf3 35. Qxf7+ 1-0

[Event "Campeonato de Madrid 2008/2009"]
[Site "Madrid ESP"]
[Date "2009.02.27"]
[Round "4.2"]
[White "Elissalt Cardenas, Hector"]
[Black "Fraga Castro, Jose Carlos"]
[Result "1-0"]
[WhiteElo "2286"]
[BlackElo "2187"]
[PlyCount "51"]
[EventDate "2009.02.24"]
[EventType "tourn"]
[EventRounds "11"]
[EventCountry "ESP"]
[EventCategory "3"]
[Source "lmi"]
[SourceDate "2009.02.24"]

1. Nf3 g6 2. d4 Bg7 3. Nbd2 d6 4. e4 Nf6 5. h3 O-O 6. g3 c5 7. c3 cxd4 8. cxd4
Qa5 9. Bd3 Nc6 10. a3 b5 11. Kf1 a6 12. b4 Qd8 13. Bb2 Nh5 14. Qc2 Bd7 15. d5
Ne5 16. Nxe5 dxe5 17. Kg2 f5 18. Nf3 Qb8 19. Rac1 Qd6 20. Qe2 e6 21. dxe6 Bxe6
22. Rhd1 Qe7 23. Rc5 Rac8 24. Rdc1 fxe4 25. Bxe4 Bc4 26. R1xc4 1-0

[Event "Campeonato de Madrid 2008/2009"]
[Site "Madrid ESP"]
[Date "2009.02.27"]
[Round "4.3"]
[White "Candela Perez, Jose"]
[Black "Roa Alonso, Santiago"]
[Result "1-0"]
[WhiteElo "2411"]
[BlackElo "2458"]
[PlyCount "71"]
[EventDate "2009.02.24"]
[EventType "tourn"]
[EventRounds "11"]
[EventCountry "ESP"]
[EventCategory "3"]
[Source "lmi"]
[SourceDate "2009.02.24"]

1. e4 c5 2. Nf3 d6 3. Bb5+ Bd7 4. Bxd7+ Qxd7 5. c4 Nc6 6. Nc3 g6 7. d4 cxd4 8.
Nxd4 Bg7 9. Be3 Nf6 10. f3 O-O 11. Nde2 Rfc8 12. Rc1 Qd8 13. O-O Nd7 14. Qd2
Qa5 15. Rfd1 Qd8 16. Nd5 Qf8 17. b3 Rd8 18. Rc2 b6 19. Qc1 Rac8 20. Kh1 e6 21.
Ndc3 Nc5 22. Rcd2 Rd7 23. Nb5 Rcd8 24. Bg5 f6 25. Be3 f5 26. exf5 exf5 27. Bg5
Bf6 28. Bxf6 Qxf6 29. Nf4 Ne5 30. Qc3 g5 31. Nd5 Qg7 32. Ne3 Qf6 33. Qc2 a6 34.
Nd5 Qf8 35. Nd4 Rf7 36. b4 1-0

[Event "Campeonato de Madrid 2008/2009"]
[Site "Madrid ESP"]
[Date "2009.02.27"]
[Round "4.4"]
[White "Peñalosa Pinilla, Jesus"]
[Black "Hernandez Gallardo, Francisco Javier"]
[Result "1/2-1/2"]
[WhiteElo "2228"]
[BlackElo "2281"]
[PlyCount "92"]
[EventDate "2009.02.24"]
[EventType "tourn"]
[EventRounds "11"]
[EventCountry "ESP"]
[EventCategory "3"]
[Source "lmi"]
[SourceDate "2009.02.24"]

1. e4 e6 2. d3 d5 3. Nd2 c5 4. Ngf3 Nc6 5. Be2 g6 6. O-O Bg7 7. Re1 Nf6 8. Bf1
O-O 9. c3 e5 10. Qc2 h6 11. exd5 Nxd5 12. Nc4 Re8 13. a4 Qc7 14. Bd2 Bg4 15.
Be2 Rad8 16. Rad1 Be6 17. Bc1 Rd7 18. Bf1 f5 19. g3 Bf7 20. h4 Nf6 21. Nh2 a6
22. Be3 b6 23. Ra1 Nd5 24. Bd2 Red8 25. Red1 b5 26. axb5 axb5 27. Na3 Qb6 28.
Be1 Nc7 29. Bh3 Na5 30. h5 Bb3 31. Qe2 Bxd1 32. Qxd1 e4 33. hxg6 Qxg6 34. Nxb5
Rxd3 35. Qa4 Nxb5 36. Qxb5 Nc6 37. Ra6 R8d6 38. Qxc5 R3d5 39. Qc4 Ne7 40. Ra7
Qf6 41. Bd2 Rc6 42. Qb3 Rb6 43. Qa2 Rbd6 44. Bf4 Rd8 45. Nf1 Kh8 46. Ra6 Qf8
1/2-1/2